| 000 | 01465nam a2200337 a 4500 | ||
|---|---|---|---|
| 001 | ebr10489986 | ||
| 003 | CaPaEBR | ||
| 006 | m u | ||
| 007 | cr cn||||||||| | ||
| 008 | 070509s2007 enk sb 100 0 eng d | ||
| 010 | _z 2007296866 | ||
| 020 | _z0567031330 | ||
| 020 | _z9780567031334 | ||
| 040 |
_aCaPaEBR _cCaPaEBR |
||
| 035 | _a(OCoLC)747545739 | ||
| 050 | 1 | 4 |
_aBX2215.A1 _bS62 2007eb |
| 082 | 0 | 4 |
_a264/.02036 _222 |
| 110 | 2 |
_aSociety of St. Catherine of Siena. _bConference _d(2005 : _cOxford, England) |
|
| 245 | 1 | 0 |
_aEver directed towards the Lord _h[electronic resource] : _bthe love of God in the liturgy of the Eucharist past, present, and hoped for / _cedited by Uwe Michael Lang. |
| 260 |
_aLondon ; _aNew York : _bT & T Clark, _c2007. |
||
| 300 | _axv, 119 p. | ||
| 500 | _a"Proceedings of the Society of St. Catherine of Siena Conference held in Oxford on 19 October 2005." | ||
| 504 | _aIncludes bibliographical references. | ||
| 533 |
_aElectronic reproduction. _bPalo Alto, Calif. : _cebrary, _d2011. _nAvailable via World Wide Web. _nAccess may be limited to ebrary affiliated libraries. |
||
| 650 | 0 |
_aLord's Supper (Liturgy) _vCongresses. |
|
| 650 | 0 |
_aLiturgics _vCongresses. |
|
| 655 | 7 |
_aElectronic books. _2local |
|
| 700 | 1 |
_aLang, Uwe Michael, _d1972- |
|
| 710 | 2 | _aebrary, Inc. | |
| 856 | 4 | 0 |
_uhttp://site.ebrary.com/lib/rucke/Doc?id=10489986 _zAn electronic book accessible through the World Wide Web; click to view |
| 999 |
_c127193 _d127193 |
||